00341nam a2200133Ia 45000030006000000080041000060400015000471000015000622450030000772600063001073000006001705460014001760050017001900STCL150530s9999 xx 000 0 und d aSTCLcSTCL aUnni, P.N. aSasthrkriyyude Charithram bState Institute of Lanagauge; Trivandrumc1970aTrivandrum a0 aMalayalam20220125170513.0